| 000 | 00957cab a2200289 4500 | ||
|---|---|---|---|
| 001 | WB3218-41 | ||
| 008 | 090401t1996 xxu||||| |||| 00| 0 eng d | ||
| 035 | _a(Sirsi) u58964 | ||
| 041 | _aeng | ||
| 245 | _aValuing property after conversion | ||
| 260 | _c1996 | ||
| 350 | _a0 | ||
| 490 |
_aTimes _v10 May 1996, 28(1) |
||
| 520 | _a"R v East Sussex Valuation Tribunal, Ex parte Silverstone" QBD 8 May 1996. Conversion of two separate dwellings into a single unit amounted to the valuation of a new dwelling for council tax purposes and not an alteration of the current list. | ||
| 650 | _aCONVERSION | ||
| 650 | _aCOUNCIL TAX | ||
| 650 | _aDOMESTIC PROPERTY | ||
| 650 | _aLOCAL GOVERNMENT FINANCE ACT 1992 | ||
| 650 | _aNEW DWELLING | ||
| 650 | _aR V EAST SUSSEX VALUATION TRIBUNAL | ||
| 650 | _aSINGLE UNIT | ||
| 650 |
_aValuation _96273 |
||
| 690 | _aRATING AND VALUATION | ||
| 690 | _aTAXATION | ||
| 942 | _n0 | ||
| 948 | _c04/03/1997 | ||
| 999 |
_c36087 _d36087 |
||